000 01148nam a2200325Ia 4500
001 Para_6578
003 CHAP
008 220125s1986 xx 000 0 und d
010 _a205104
040 _cCHAP
090 _aPA FOLLETO 579
100 _aPlascencia Martínez, Julián
_989103
245 _aFrijol :
_b oferta, demanda e inversión en la investigación agrícola /
_c por Julian Plascencia Martínez, Elda Ma. Borge Mena, Enrique Reyna Corona
260 _aMéxico :
_b Instituto Nacional de Investigaciones Forestales y Agropecuarias
300 _a72 p.
440 _aFolleto de investigación; 66
_9171052
650 _aFrijol
_x aspectos económicos
_943328
650 _aFrijol
_x mercadeo
_943406
650 _aFrijol
_x rendimiento
_943429
700 _aBorges Mena, Elda María
_913859
700 _aReyna corona, Enrique
_997044
710 _aInstituto Nacional de Investigaciones Forestales y Agropecuarias ( México)
901 _aPA FOLLETO 579
902 _aA
905 _a0000001986 0000000000 00
910 _a1986
942 _cPARA
942 _cPARA
_d1
999 _c205104
_d205104